Poteší pestrá mozaika fotografií

Bibliographic Details
Format: Article
Language:Slovak
Subjects:

MARC

LEADER 00000nab a2200000 a 4500
001 vtls009166031
003 SK-MaSNL
005 20260305014252.0
008 071210c20071208xo drz 0 0slo
038 |a KEVKJB 
040 |a KEVKJB  |b slo  |c KEVKJB  |e AACR2 
041 0 |a slo 
044 |a xo  |c SK 
080 |a 027.53  |2 2001 
080 |a 77  |2 2001 
245 0 0 |a Poteší pestrá mozaika fotografií  |c [autor] (nit) 
300 |b Fotogr. 
610 2 7 |a Verejná knižnica Jána Bocatia v Košiciach.  |b Fotogaléria NOVA  |2 snkbucl  |9 259984 
648 7 |a 2007  |2 snkbucl  |9 313226 
650 0 7 |a fotografia  |2 kevkjb  |9 1694 
650 0 7 |a výstavy  |2 snkbucl  |9 2780 
651 7 |a Košice (Slovensko)  |2 kevkjb  |9 18694 
773 0 |t Košický Korzár  |g Roč. X, č. 282 (8.12.2007), s. 3  |x 1335-4566 
852 |a KEVKJB  |b KIS3GCP 
999 |c 3268621  |d 3270551